ბათუმის შოთა რუსთაველის სახელმწიფო უნივერსიტეტის ბიბლიოთეკა

О законе больших чисел. (ბიბ.ჩანაწერი № 48090)

000 -LEADER
fixed length control field 00580nam a2200205Ia 4500
001 - CONTROL NUMBER
control field 14971
003 - CONTROL NUMBER IDENTIFIER
control field GE_BSU
008 - FIXED-LENGTH DATA ELEMENTS--GENERAL INFORMATION
fixed length control field 181216s||||||||xx |||||||||||||| ||und||
040 ## - CATALOGING SOURCE
Transcribing agency GE_BSU
080 ## - UNIVERSAL DECIMAL CLASSIFICATION NUMBER
Universal Decimal Classification number 519.21(091)
100 ## - MAIN ENTRY--PERSONAL NAME
Personal name Бернулли,Я.
245 ## - TITLE STATEMENT
Title О законе больших чисел.
245 ## - TITLE STATEMENT
Statement of responsibility, etc. Под.ред.А.А.Маркова. Под общ. ред.Ю.В.Прохорова
260 ## - PUBLICATION, DISTRIBUTION, ETC.
Place of publication, distribution, etc. Москва
260 ## - PUBLICATION, DISTRIBUTION, ETC.
Name of publisher, distributor, etc. Наука
260 ## - PUBLICATION, DISTRIBUTION, ETC.
Date of publication, distribution, etc. 1986
300 ## - PHYSICAL DESCRIPTION
Extent 175стр.21см.
653 ## - INDEX TERM--UNCONTROLLED
Uncontrolled term О законе больших чисел.
942 ## - ADDED ENTRY ELEMENTS (KOHA)
Koha item type წიგნი
ეგზემპლარები
Withdrawn status Lost status Damaged status Not for loan Date acquired Barcode Date last seen Price effective from Koha item type
        2018-12-17 15289 2018-12-17 2018-12-17 წიგნი